LEADER 01201nam 2200337Ia 450 001 996393642403316 005 20221108011420.0 035 $a(CKB)3810000000005276 035 $a(EEBO)2240940099 035 $a(OCoLC)12094077 035 $a(EXLCZ)993810000000005276 100 $a19850530d1644 uy | 101 0 $aeng 135 $aurbn||||a|bb| 200 14$aThe impostvres of seducing teachers discovered$b[electronic resource] $ein a sermon before the Right Honorable the Lord Major and court of Aldermen of the city of London : at their anniversary meeting on Tuesday in Easter weeke, April 23, 1644 at Christ-church /$fby Richard Vines .. 210 $aLondon $cPrinted by G. M. for Abel Roper ...$d1644 215 $a[4], 40 p 300 $aReproduction of original in Thomason Collection, British Library. 330 $aeebo-0158 606 $aSermons, English 615 0$aSermons, English. 700 $aVines$b Richard$f1600?-1656.$01001686 801 0$bEAA 801 1$bEAA 801 2$bm/c 801 2$bUMI 801 2$bWaOLN 906 $aBOOK 912 $a996393642403316 996 $aThe impostvres of seducing teachers discovered$92417825 997 $aUNISA